As cidades com o custo de vida mais caro - Statistics

Estatísticas Gerais
  • Esse quiz foi jogado 65 vezes
  • A pontuação média é 7 de 15
Estatísticas das Respostas
# País Cidades Price Index % Correto
1 Estados Unidos Nova York 262
98%
12 Reino Unido Londres 207
96%
15 Irlanda Dublin 196
82%
13 Estados Unidos Los Angeles 202
80%
5 Suíça Zurique 230
65%
10 Estados Unidos Boston 209
53%
14 Estados Unidos Washington D.C. 202
53%
6 Estados Unidos São Francisco 224
49%
4 Suíça Genebra 236
44%
8 China Hong Kong 214
36%
7 Suíça Basel/ Basileia 215
22%
9 Suíça Lausanne/ Lausana 213
7%
2 Reino Unido Grande Cayman (Ilhas Cayman) 253
2%
3 Reino Unido Hamilton (Bermuda) 252
2%
11 Estados Unidos Maui (Havaí) 207
2%
Nenhum quiz correspondente encontrado
Distribuição das Pontuações
Porcentagem de Pessoas com Cada Pontuação
Percentil de Números Respondidos
Sua Pontuação Histórica
Você não jogou esse quiz